| 000 | 00713nam a2200253Ia 4500 | ||
|---|---|---|---|
| 003 | OSt | ||
| 005 | 20220918205018.0 | ||
| 006 | a|||||r|||| 00| 0 | ||
| 007 | ta | ||
| 008 | 220917b |||||||| |||| 00| 0 eng d | ||
| 024 | _a115,039 | ||
| 037 | _cTextual | ||
| 040 |
_aARTS _cARTS _beng |
||
| 041 |
_2eng _aeng |
||
| 082 | _aV5L89, J2 | ||
| 100 | _aGrant A J | ||
| 245 | 0 | _aEurope in the Nineteenth and Twentieth centuries 1789-19050 Rev ed by Lillian M Pensons | |
| 250 | _a6th | ||
| 260 |
_aLondon _bOrient Longmans _c1961 |
||
| 650 | _aHISTORY | ||
| 700 |
_a Temperley Harold _9107277 |
||
| 942 |
_hV5L89, J2 _cTEXL _2CC |
||
| 999 |
_c238369 _d238369 |
||